00506nam a2200157 a 4500041000800000245003900008260003200047300000900079650002100088650001900109650002800128650002900156650002300185662003000208773011000238 aspa aCartografía general de Córdoba aMonteríabIAVHbCVSc2008 a1 CD aZonas costaneras aClimatología aCuencas hidrográficas aZonificación ambiental aAmenazas naturales cZona costanerabCórdoba tInforme de actividades de apoyo en los eventos de socialización y retroalimentación del PAB Córdoba